| 000 | 00531nam a2200217Ia 4500 | ||
|---|---|---|---|
| 003 | OSt | ||
| 005 | 20140314150310.0 | ||
| 008 | 140130s9999 xx 000 0 und d | ||
| 020 | _a9780439696753 | ||
| 050 |
_aQB 44 _b.T942 2004 |
||
| 100 | _aTurnbull, Stephanie | ||
| 245 |
_aSun, moon and stars / _cStephanie Turnbull. |
||
| 260 |
_bScholastic, _c2004. _aNew York : |
||
| 300 |
_a32 p. : _bcol. ill. ; _c19 cm. |
||
| 440 | _v1 | ||
| 521 | _aG4 | ||
| 526 | _c660 | ||
| 942 |
_cBK _2lcc |
||
| 999 |
_c40915 _d40915 |
||